000 00306nam a2200133Ia 4500
008 150301s2015 xx 000 0 und d
082 _a614.1
_bP05A
100 _aAGARWAL, S.P
245 _aPLAGUS CONTAL IN INDIA
260 _bMHFW INDIA
300 _a125
650 _aPHARMACEUTICS
942 _2ddc
_cBK
_01
999 _c7372
_d7372